| 000 | 00348nam a2200145 i 4500 | ||
|---|---|---|---|
| 001 | bg | ||
| 100 | 1 | _aCHENKOK, L. | |
| 245 | 0 |
_aVvedenie v programmirovanie na jazyke / _cL. Chenkok, M. Kriger. |
|
| 260 |
_aMoskva, _c1986. |
||
| 700 | 1 | _aKRIGER, M. | |
| 040 | _cBPK | ||
| 041 | _apol | ||
| 942 | _cKS | ||
| 008 | s pl f |000 0 pol | ||
| 999 |
_c23346 _d23346 |
||
| 856 |
_uhttp://koha.tu.koszalin.pl/cgi-bin/koha/opac-detail.pl?biblionumber=23346 _yKatalog online BPK |
||